=LDR 00000nam 2200000 4500 =001 INLIS000000000018996 =005 20200721092742 =035 ##$$a 0010-061300000018996 =008 200721################g##########0#ind## =041 ##$$a Ind =082 ##$$a 2x6.2 =090 ##$$a 2x6.2, Ess y =100 ##$$a EsSiba'i, Mustafa =245 1#$$a Yang kualami dalam perjuangan /$c Dr. Mustafa Essiba'i =260 ##$$a Jakarta :$b Buku Andalan,$c 1990 =300 ##$$a 97 hlm. =650 #4$$a Islam - politik =850 ##$$a NBPNMAT =084 ##$$a 2x6.2 ESS y =990 ##$$a 34.187/Pb.90